[Event "1st EUR-ch"]
[Site "Saint Vincent ITA"]
[Date "2000.07.06"]
[Round "4"]
[White "Krasenkow, Michal"]
[Black "Georgiev, Kiril"]
[Result "1/2-1/2"]
[WhiteElo "2702"]
[BlackElo "2661"]
[EventDate "2000.07.03"]
[PlyCount "85"]

1.d4 Nf6 2.Nf3 e6 3.g3 b5 4.Qd3 Ba6 5.e4 c5 6.Bg5 Qa5+ 7.Qd2 Qxd2+ 8.Nbxd2
Be7 9.e5 Nd5 10.Bxe7 Kxe7 11.dxc5 Rc8 12.Ne4 f5 13.exf6+ gxf6 14.g4 h5 15.
h3 b4 16.a3 Bxf1 17.Kxf1 Na6 18.axb4 Naxb4 19.Nd4 a5 20.Ke2 Nc6 21.Nxc6+ 
Rxc6 22.Ra3 Rb8 23.Rxa5 Rxb2 24.Kd2 Rb4 25.f3 h4 26.Ra8 f5 27.gxf5 exf5 
28.Nd6 Rxc5 29.Nxf5+ Ke6 30.Rf8 Nf6 31.Ne3 Rf4 32.Rh8 Rh5 33.Rxh5 Nxh5 34.
Ng2 Rxf3 35.Nxh4 Rf2+ 36.Kd3 Kf6 37.c4 Rf4 38.Ng2 Rf3+ 39.Ke4 Ra3 40.Kd4 
Ng3 41.Re1 Nf5+ 42.Ke4 Rc3 43.Ne3 1/2-1/2

[Event "1st EUR-ch"]
[Site "Saint Vincent ITA"]
[Date "2000.07.06"]
[Round "4"]
[White "Kuczynski, Robert"]
[Black "Tiviakov, Sergei"]
[Result "1/2-1/2"]
[WhiteElo "2479"]
[BlackElo "2608"]
[EventDate "2000.07.03"]
[PlyCount "42"]

1.e4 c5 2.Nf3 Nc6 3.d4 cxd4 4.Nxd4 g6 5.c4 Nf6 6.Nc3 d6 7.Be2 Nxd4 8.Qxd4 
Bg7 9.Bg5 O-O 10.Qd2 Be6 11.Rc1 Qa5 12.f3 Rfc8 13.b3 a6 14.Nd5 Qxd2+ 15.
Kxd2 Nxd5 16.cxd5 f6 17.dxe6 fxg5 18.Rxc8+ Rxc8 19.Rc1 Rxc1 20.Kxc1 a5 21.
a4 Bd4 1/2-1/2

[Event "1st EUR-ch"]
[Site "Saint Vincent ITA"]
[Date "2000.07.06"]
[Round "4"]
[White "Lalic, Bogdan"]
[Black "Brajovic, Radovan"]
[Result "1-0"]
[WhiteElo "2520"]
[BlackElo "2288"]
[EventDate "2000.07.03"]
[PlyCount "67"]

1.Nf3 Nf6 2.c4 e6 3.Nc3 Bb4 4.g4 h6 5.Rg1 b6 6.d3 Bb7 7.e4 d6 8.Qe2 Nbd7 
9.Be3 c5 10.Nd2 Bxc3 11.bxc3 Qc7 12.f4 O-O-O 13.O-O-O a6 14.Kb1 b5 15.cxb5
axb5 16.Ka1 Qa5 17.Rc1 Kc7 18.Nb3 Qa3 19.Qb2 Ra8 20.c4 bxc4 21.Rxc4 Rhb8 
22.Qxa3 Rxa3 23.Bc1 Ra7 24.Rc3 Bd5 25.Kb1 Bxb3 26.Rxb3 Rxb3+ 27.axb3 Nb8 
28.g5 hxg5 29.fxg5 Nfd7 30.g6 f6 31.h4 Nc6 32.h5 Ra8 33.Bh3 Nd4 34.Be3 1-0

[Event "1st EUR-ch"]
[Site "Saint Vincent ITA"]
[Date "2000.07.06"]
[Round "4"]
[White "Malakhov, Vladimir"]
[Black "Macieja, Bartlomiej"]
[Result "1/2-1/2"]
[WhiteElo "2605"]
[BlackElo "2536"]
[EventDate "2000.07.03"]
[PlyCount "36"]

1.e4 e5 2.Nf3 Nf6 3.Nxe5 d6 4.Nf3 Nxe4 5.d4 d5 6.Bd3 Nc6 7.O-O Be7 8.c4 
Nb4 9.Be2 O-O 10.Nc3 Be6 11.Ne5 f6 12.Nf3 c5 13.Be3 Rc8 14.dxc5 Bxc5 15.
Nd4 Nxc3 16.bxc3 Bxd4 17.Bxd4 Nc6 18.cxd5 Qxd5 1/2-1/2

[Event "1st EUR-ch"]
[Site "Saint Vincent ITA"]
[Date "2000.07.06"]
[Round "4"]
[White "Milov, Vadim"]
[Black "Godena, Michele"]
[Result "1-0"]
[WhiteElo "2626"]
[BlackElo "2485"]
[EventDate "2000.07.03"]
[PlyCount "173"]

1.d4 d5 2.c4 e6 3.Nc3 c6 4.e3 Nf6 5.Nf3 Nbd7 6.Bd3 Bd6 7.e4 dxe4 8.Nxe4 
Nxe4 9.Bxe4 e5 10.O-O exd4 11.Qxd4 Qf6 12.Rd1 Bc7 13.Bg5 Qxd4 14.Nxd4 h6 
15.Bh4 g5 16.Bg3 Bxg3 17.hxg3 Nc5 18.Bf5 Ne6 19.Re1 Ke7 20.Bc2 Kf6 21.Nf5 
b6 22.Rad1 Ba6 23.Nd6 c5 24.Re3 Nd4 25.Ra3 Nxc2 26.Rxa6 Rhd8 27.Rd5 Nb4 
28.Ne4+ Ke7 29.Rxd8 Kxd8 30.Ra3 Ke7 31.g4 Ke6 32.Re3 Nxa2 33.Nxc5+ Kf6 34.
Nd7+ Kg7 35.Ra3 Nc1 36.Nxb6 Rb8 37.Nd5 Rxb2 38.Rxa7 Nd3 39.f3 Rb1+ 40.Kh2 
Rc1 41.Ne3 Nf4 42.Nf5+ Kg6 43.Ra6+ Ne6 44.Rc6 h5 45.Ne7+ Kf6 46.Nd5+ Kg6 
47.gxh5+ Kxh5 48.Nc7 g4 49.Nxe6 fxe6 50.f4 Kh4 51.g3+ Kh5 52.Rc8 Rc2+ 53.
Kg1 Kg6 54.Rc5 Kf6 55.Kf1 Rc3 56.Kf2 Rf3+ 57.Kg2 Rc3 58.Rg5 Rc2+ 59.Kg1 
Rxc4 60.Rxg4 Rc2 61.Rg5 Ra2 62.Kf1 Rb2 63.Re5 Ra2 64.Re2 Ra5 65.Kg2 Kf5 
66.Kh3 Kf6 67.Kg4 Ra3 68.Re4 Rb3 69.Kh4 Rb1 70.g4 Rh1+ 71.Kg3 Rg1+ 72.Kf3 
Rf1+ 73.Kg2 Ra1 74.Re5 Ra3 75.Kf2 Rb3 76.g5+ Kf7 77.Re3 Rb1 78.Kf3 Ra1 79.
Kg4 Ra4 80.Re5 Rb4 81.Ra5 Rc4 82.Ra7+ Kf8 83.Kf3 Rb4 84.g6 Rb5 85.Rf7+ Kg8
86.Re7 Rb6 87.Kg4 1-0

[Event "1st EUR-ch"]
[Site "Saint Vincent ITA"]
[Date "2000.07.06"]
[Round "4"]
[White "Morovic, Ivan"]
[Black "Van der Weide, Karel"]
[Result "1-0"]
[WhiteElo "2608"]
[BlackElo "2467"]
[EventDate "2000.07.03"]
[PlyCount "79"]

1.c4 c5 2.Nf3 Nf6 3.Nc3 g6 4.d4 cxd4 5.Nxd4 Nc6 6.e4 d6 7.Be2 Nxd4 8.Qxd4 
Bg7 9.Be3 O-O 10.Qd2 Be6 11.O-O Qa5 12.Rab1 Rfc8 13.Rfc1 a6 14.b3 Rab8 15.
f3 h5 16.Rc2 Kf8 17.Bf1 Qd8 18.a4 Kg8 19.Kh1 Kf8 20.Rbc1 Kg8 21.Kg1 Kf8 
22.Kh1 Kg8 23.Ne2 Nd7 24.Nf4 Nc5 25.Nxe6 Nxe6 26.a5 Nc5 27.Rb1 b6 28.axb6 
Qxb6 29.Ra2 a5 30.Qxa5 Qb4 31.Qxb4 Rxb4 32.Ra5 Rcb8 33.Rb5 R8xb5 34.cxb5 
Bd4 35.Bg5 Bf6 36.Bxf6 exf6 37.Kg1 Ne6 38.Rd1 Nd4 39.b6 Nb5 40.Rd5 1-0

[Event "1st EUR-ch"]
[Site "Saint Vincent ITA"]
[Date "2000.07.06"]
[Round "4"]
[White "Nadanian, Ashot"]
[Black "Mikhalevski, Victor"]
[Result "0-1"]
[WhiteElo "2413"]
[BlackElo "2532"]
[EventDate "2000.07.03"]
[PlyCount "52"]

1.d4 Nf6 2.c4 c5 3.e3 g6 4.Nf3 Bg7 5.Nc3 cxd4 6.exd4 O-O 7.Be2 d5 8.O-O 
Nc6 9.h3 b6 10.Ne5 Bb7 11.Bf3 Na5 12.b3 Rc8 13.Ba3 dxc4 14.Bxb7 Nxb7 15.
bxc4 Na5 16.Re1 Re8 17.c5 bxc5 18.Bxc5 Nd7 19.Nxd7 Qxd7 20.Qa4 Qxa4 21.
Nxa4 Nb7 22.Bxe7 Bxd4 23.Rab1 Rc2 24.Rxb7 Bxf2+ 25.Kf1 Bxe1 26.Kxe1 Rc4 
0-1

[Event "1st EUR-ch"]
[Site "Saint Vincent ITA"]
[Date "2000.07.06"]
[Round "4"]
[White "Odeev, Handszar"]
[Black "Lutz, Christopher"]
[Result "0-1"]
[WhiteElo "2442"]
[BlackElo "2595"]
[EventDate "2000.07.03"]
[PlyCount "82"]

1.e4 c5 2.Nf3 d6 3.d4 cxd4 4.Nxd4 Nf6 5.Nc3 a6 6.Be3 Ng4 7.Bg5 h6 8.Bc1 
Nc6 9.Be2 Nf6 10.Be3 e6 11.f4 Be7 12.O-O Bd7 13.Qe1 Qc7 14.Qg3 h5 15.Rad1 
h4 16.Qf2 b5 17.a3 Rc8 18.Nb3 Qb8 19.Rd2 b4 20.axb4 Nxb4 21.Ba7 Qc7 22.Bf3
Bc6 23.Bb6 Qb8 24.Na5 Nd7 25.Bd4 O-O 26.g3 Ba8 27.Rfd1 Qc7 28.Nb3 e5 29.
Be3 Qb8 30.Bg4 Nf6 31.Bf5 Nxc2 32.Rxc2 Qxb3 33.Bxc8 Rxc8 34.Rdc1 Re8 35.
Qf3 exf4 36.Bxf4 d5 37.Be3 d4 38.Bxd4 Bxe4 39.Qe2 Bxc2 40.Qxc2 Qe6 41.Qg2 
Rd8 0-1

[Event "1st EUR-ch"]
[Site "Saint Vincent ITA"]
[Date "2000.07.06"]
[Round "4"]
[White "Rabinovich, Alexander"]
[Black "Sax, Gyula"]
[Result "1/2-1/2"]
[WhiteElo "2424"]
[BlackElo "2563"]
[EventDate "2000.07.03"]
[PlyCount "62"]

1.d4 Nf6 2.Bg5 c5 3.d5 Ne4 4.Bf4 Qb6 5.Bc1 g6 6.f3 Nd6 7.a4 c4 8.e4 Bg7 9.
c3 O-O 10.Na3 f5 11.exf5 Nxf5 12.Nxc4 Qc5 13.g4 Nd6 14.Be3 Qc7 15.Nxd6 
Qxd6 16.Nh3 b6 17.Nf2 Bb7 18.Bc4 Qf6 19.O-O Qxf3 20.Qxf3 Rxf3 21.Bg5 Ba6 
22.Bxa6 Nxa6 23.Bxe7 Re8 24.Rfe1 Bf8 25.Bh4 Rfe3 26.Rxe3 Rxe3 27.Kf1 Nc5 
28.Bg3 Nb3 29.Rd1 Nc5 30.Rd4 Nb3 31.Rd3 Re8 1/2-1/2

[Event "1st EUR-ch"]
[Site "Saint Vincent ITA"]
[Date "2000.07.06"]
[Round "4"]
[White "Rasmussen, Karsten"]
[Black "Conquest, Stuart"]
[Result "0-1"]
[WhiteElo "2417"]
[BlackElo "2529"]
[EventDate "2000.07.03"]
[PlyCount "94"]

1.c4 b6 2.Nc3 Bb7 3.e4 e5 4.Nf3 Nc6 5.d4 exd4 6.Nxd4 Bb4 7.Be2 Nf6 8.O-O 
Bxc3 9.bxc3 O-O 10.Bg5 h6 11.Bh4 g5 12.Bg3 Nxe4 13.Nf5 Qf6 14.Qxd7 Nc5 15.
Qd5 Rad8 16.Qf3 Nd4 17.Nxd4 Bxf3 18.Bxf3 Nd3 19.Nc6 Rd7 20.Rad1 Qxc3 21.
Ne5 Rd4 22.Nc6 Rxc4 23.Ne7+ Kg7 24.Nd5 Qa3 25.Be2 Rd4 26.Ne3 Rdd8 27.Nc4 
Qxa2 28.Bxd3 Rxd3 29.Rxd3 Qxc4 30.Rd7 Rc8 31.f4 Qe6 32.Rdd1 c5 33.Rde1 Qd5
34.fxg5 hxg5 35.Be5+ Kg8 36.Rf5 Rc6 37.g4 Qd2 38.Ref1 Qe3+ 39.Kg2 Qe4+ 40.
Kg3 Qe3+ 41.Kg2 Re6 42.Bg3 Re7 43.h4 gxh4 44.Bxh4 Re4 45.Bg3 Rxg4 46.R1f3 
Qe2+ 47.Kh3 Rg7 0-1

[Event "1st EUR-ch"]
[Site "Saint Vincent ITA"]
[Date "2000.07.06"]
[Round "4"]
[White "Sorensen, Jan"]
[Black "Efimov, Igor"]
[Result "1-0"]
[WhiteElo "2399"]
[BlackElo "2520"]
[EventDate "2000.07.03"]
[PlyCount "85"]

1.e4 c5 2.Nf3 Nc6 3.Nc3 d6 4.d4 cxd4 5.Nxd4 Nf6 6.Be2 e5 7.Nxc6 bxc6 8.O-O
Be7 9.f4 O-O 10.Kh1 Rb8 11.b3 Qc7 12.Qd3 Rb4 13.fxe5 dxe5 14.Qg3 Kh8 15.
Bc4 Rxc4 16.bxc4 Be6 17.Bg5 Bxc4 18.Rf3 Rd8 19.Qh4 Qd6 20.Rh3 Kg8 21.Bxf6 
Bxf6 22.Qxh7+ Kf8 23.Qh5 g6 24.Qh6+ Ke7 25.Qe3 Qd4 26.Qc1 Ke6 27.Rf3 Be7 
28.h3 a5 29.a3 g5 30.Qb2 g4 31.Rg3 gxh3 32.Rxh3 Qf2 33.Qb7 Bf1 34.Qxc6+ 
Bd6 35.Rh6+ Ke7 36.Nd5+ Kf8 37.Rh2 Kg7 38.Ne3 Qxe3 39.Rxf1 Qe2 40.Rg1 Qd2 
41.Rh3 Rh8 42.Qd7 Qe2 43.Qxd6 1-0

[Event "1st EUR-ch"]
[Site "Saint Vincent ITA"]
[Date "2000.07.06"]
[Round "4"]
[White "Timman, Jan"]
[Black "Markowski, Tomasz"]
[Result "1-0"]
[WhiteElo "2639"]
[BlackElo "2568"]
[EventDate "2000.07.03"]
[PlyCount "119"]

1.d4 d5 2.c4 e6 3.Nf3 dxc4 4.e3 c5 5.Bxc4 a6 6.O-O Nf6 7.Bb3 cxd4 8.exd4 
Nc6 9.Nc3 Be7 10.d5 exd5 11.Nxd5 Nxd5 12.Bxd5 O-O 13.Be3 Qa5 14.Qb3 Nb4 
15.Bc4 Qh5 16.Bd2 Nc6 17.Rfe1 Bg4 18.Bd5 Rad8 19.Bxc6 bxc6 20.Re5 Qg6 21.
Rxe7 Bxf3 22.Qxf3 Rxd2 23.Rb7 h6 24.Re1 Rd3 25.Qe2 Rfd8 26.g3 Qf6 27.Qe7 
Qf3 28.Qe4 Qf6 29.Kg2 c5 30.Re2 c4 31.Rc7 R3d4 32.Qe7 Qxe7 33.Rexe7 Rf8 
34.Rb7 Rd6 35.Rec7 Rf6 36.Rxc4 Rd8 37.Rc3 g5 38.Rf3 Rxf3 39.Kxf3 Rd2 40.
Ke3 Rc2 41.h4 gxh4 42.gxh4 Kg7 43.Rb6 h5 44.Kf3 f6 45.Kg3 Kg6 46.a4 a5 47.
Rb5 Rc4 48.b3 Rc3+ 49.Kf4 Rd3 50.f3 Rc3 51.Ke4 Kh6 52.f4 Kg6 53.f5+ Kh6 
54.Kd5 Re3 55.b4 axb4 56.Rxb4 Re5+ 57.Kc6 Rxf5 58.Kb6 Re5 59.a5 Re6+ 60.
Kb5 1-0

[Event "1st EUR-ch"]
[Site "Saint Vincent ITA"]
[Date "2000.07.07"]
[Round "5"]
[White "Aldrovandi, Costantino"]
[Black "Anastasian, Ashot"]
[Result "1/2-1/2"]
[WhiteElo "2351"]
[BlackElo "2571"]
[EventDate "2000.07.03"]
[PlyCount "89"]

1.e4 c5 2.c3 Nf6 3.e5 Nd5 4.d4 cxd4 5.cxd4 d6 6.Nf3 Nc6 7.Bc4 Nb6 8.Bb5 
dxe5 9.Nxe5 Bd7 10.Nxd7 Qxd7 11.Nc3 e6 12.O-O Be7 13.Qg4 O-O 14.Bxc6 bxc6 
15.Bh6 Bf6 16.Rfd1 Kh8 17.Ne4 Qd8 18.Bf4 Be7 19.Qg3 Qd5 20.Be5 f6 21.Nc3 
Qd7 22.Bf4 Nd5 23.Nxd5 Qxd5 24.Qb3 g5 25.Bg3 Qxb3 26.axb3 c5 27.Ra6 cxd4 
28.Rxe6 Rae8 29.Rxd4 Bc5 30.Rde4 Rxe6 31.Rxe6 Bd4 32.Re7 Rc8 33.Rc7 Rxc7 
34.Bxc7 Kg7 35.Kf1 h5 36.h3 f5 37.f3 Kf7 38.Ke2 Ke6 39.Bd8 g4 40.fxg4 fxg4
41.hxg4 hxg4 42.Kd3 Kd5 43.Bg5 Bxb2 44.Be3 a6 45.Bf4 1/2-1/2

[Event "1st EUR-ch"]
[Site "Saint Vincent ITA"]
[Date "2000.07.07"]
[Round "5"]
[White "Barlocco, Carlo"]
[Black "Kempinski, Robert"]
[Result "0-1"]
[WhiteElo "2179"]
[BlackElo "2498"]
[EventDate "2000.07.03"]
[PlyCount "108"]

1.e4 c5 2.Nf3 d6 3.d4 cxd4 4.Nxd4 Nf6 5.Nc3 a6 6.Be3 Ng4 7.Bg5 h6 8.Bh4 g5
9.Bg3 Bg7 10.Be2 h5 11.Bxg4 Bxg4 12.f3 Bd7 13.Qd2 Nc6 14.Nxc6 bxc6 15.Bf2 
Rb8 16.Bd4 Bxd4 17.Qxd4 f6 18.O-O-O Qb6 19.Qxb6 Rxb6 20.Rd4 Rg8 21.h3 Kf7 
22.Ra4 c5 23.Ra3 e6 24.Nd1 Rgb8 25.b3 Ra8 26.Ra5 Rb5 27.Rxb5 axb5 28.Kb2 
d5 29.Nf2 Ke7 30.exd5 exd5 31.Re1+ Kd6 32.a3 c4 33.b4 f5 34.c3 h4 35.Nd1 
g4 36.fxg4 fxg4 37.hxg4 Bxg4 38.Ne3 Bd7 39.Rd1 Be6 40.Rd4 Rh8 41.a4 h3 42.
gxh3 Rxh3 43.Nd1 bxa4 44.Nf2 Rf3 45.Nd1 Rg3 46.Ka3 Bg4 47.Kxa4 Bxd1+ 48.
Rxd1 Rxc3 49.Rh1 Re3 50.Ka5 c3 51.Rh8 c2 52.Rc8 Ra3+ 53.Kb6 Ra2 54.b5 d4 
0-1

[Event "1st EUR-ch"]
[Site "Saint Vincent ITA"]
[Date "2000.07.07"]
[Round "5"]
[White "Bellini, Fabio"]
[Black "Ribshtein, Nati"]
[Result "1-0"]
[WhiteElo "2484"]
[BlackElo "2317"]
[EventDate "2000.07.03"]
[PlyCount "87"]

1.e4 g6 2.d4 Bg7 3.Nc3 d6 4.Nf3 Nf6 5.Bf4 O-O 6.Qd2 Nc6 7.d5 e5 8.Be3 Ne7 
9.h3 Nh5 10.O-O-O f5 11.exf5 gxf5 12.Bh6 Ng6 13.g3 a6 14.Be2 Nf6 15.Bxg7 
Kxg7 16.Rdg1 b5 17.a3 Bd7 18.g4 Nf4 19.Bd3 Qb8 20.Ne2 Nxd3+ 21.Qxd3 f4 22.
Ng5 b4 23.axb4 Qxb4 24.Nc3 Rab8 25.b3 Rfe8 26.Re1 h6 27.Nge4 Nxe4 28.Rxe4 
Qa3+ 29.Kd2 Qa5 30.Ke2 Rb4 31.Kf3 Reb8 32.h4 c6 33.Rxb4 Rxb4 34.h5 Be8 35.
g5 Rd4 36.Qf5 Qxc3+ 37.Kg4 f3+ 38.Kg3 Rf4 39.Qe6 Bf7 40.Qxh6+ Kg8 41.g6 
Rf6 42.Qh7+ Kf8 43.g7+ Ke8 44.Qh8+ 1-0

[Event "1st EUR-ch"]
[Site "Saint Vincent ITA"]
[Date "2000.07.07"]
[Round "5"]
[White "Berg, Emanuel"]
[Black "Epishin, Vladimir"]
[Result "1/2-1/2"]
[WhiteElo "2456"]
[BlackElo "2567"]
[EventDate "2000.07.03"]
[PlyCount "29"]

1.e4 c5 2.Nf3 d6 3.d4 cxd4 4.Nxd4 Nf6 5.Nc3 Nc6 6.Be3 e5 7.Nb3 Be7 8.f3 
O-O 9.Qd2 Be6 10.O-O-O a5 11.Bb5 Na7 12.Be2 Nc6 13.Bb5 Na7 14.Be2 Nc6 15.
Bb5 1/2-1/2

[Event "1st EUR-ch"]
[Site "Saint Vincent ITA"]
[Date "2000.07.07"]
[Round "5"]
[White "Chernin, Alexander"]
[Black "Beliavsky, Alexander"]
[Result "1/2-1/2"]
[WhiteElo "2572"]
[BlackElo "2654"]
[EventDate "2000.07.03"]
[PlyCount "32"]

1.Nf3 d5 2.d4 Nf6 3.c4 e6 4.Nc3 Be7 5.Bg5 h6 6.Bh4 O-O 7.e3 b6 8.Bxf6 Bxf6
9.cxd5 exd5 10.b4 c5 11.bxc5 bxc5 12.Rc1 Be6 13.Be2 cxd4 14.Nxd4 Bxd4 15.
Qxd4 Nc6 16.Qa4 Qb6 1/2-1/2

[Event "1st EUR-ch"]
[Site "Saint Vincent ITA"]
[Date "2000.07.07"]
[Round "5"]
[White "Everet, Alexander"]
[Black "David, Alberto"]
[Result "0-1"]
[WhiteElo "2348"]
[BlackElo "2487"]
[EventDate "2000.07.03"]
[PlyCount "76"]

1.b3 d5 2.Bb2 Bg4 3.Nf3 Bxf3 4.gxf3 e6 5.e3 Nf6 6.Rg1 g6 7.d4 Bg7 8.Nd2 
O-O 9.Bd3 c5 10.dxc5 Qc7 11.f4 Qxc5 12.Qf3 Nc6 13.h4 e5 14.Bxe5 Nxe5 15.
fxe5 Nd7 16.Rd1 Nxe5 17.Qe2 Qb4 18.h5 Rae8 19.Rh1 Rc8 20.Kf1 Nxd3 21.Qxd3 
Qg4 22.Nb1 Rfe8 23.hxg6 hxg6 24.c3 Re5 25.Rg1 Qh5 26.Qe2 Qh3+ 27.Ke1 Qe6 
28.Rd3 Rf5 29.Kd1 b5 30.f3 a6 31.Rg4 Rh5 32.Kc2 Rh1 33.Qd2 Be5 34.Rg2 Qf5 
35.Qe2 b4 36.e4 Qf4 37.Qd2 dxe4 38.fxe4 Qf1 0-1

[Event "1st EUR-ch"]
[Site "Saint Vincent ITA"]
[Date "2000.07.07"]
[Round "5"]
[White "Fedorov, Alexei"]
[Black "Hertneck, Gerald"]
[Result "0-1"]
[WhiteElo "2646"]
[BlackElo "2541"]
[EventDate "2000.07.03"]
[PlyCount "94"]

1.e4 e6 2.d3 d5 3.Qe2 Nf6 4.Nf3 Be7 5.g3 c5 6.Bg2 Nc6 7.O-O O-O 8.e5 Nd7 
9.c4 a6 10.h4 b5 11.Bf4 Nb6 12.Na3 Nb4 13.Rfd1 Bd7 14.b3 Ra7 15.Rac1 bxc4 
16.dxc4 d4 17.Ng5 Qe8 18.Be4 Bxg5 19.hxg5 Bc6 20.Rd2 Bxe4 21.Qxe4 Qc6 22.
Qxc6 Nxc6 23.Nc2 Nd7 24.Re1 f6 25.gxf6 gxf6 26.exf6 Rxf6 27.Bg5 Rg6 28.f4 
Nde5 29.Kg2 Nf7 30.b4 e5 31.Bh4 Nd6 32.bxc5 Nxc4 33.Rd3 Rb7 34.Na3 Ne3+ 
35.Kf3 exf4 36.gxf4 Rf7 37.Rb3 Kg7 38.Bf2 Ng4 39.Bg1 Nge5+ 40.Ke4 Nd7 41.
Bxd4+ Nxd4 42.Kxd4 Rxf4+ 43.Ke3 Ra4 44.Rb7 Rxa3+ 45.Kd2 Rxa2+ 46.Kc3 Rg3+ 
47.Kc4 Rc2+ 0-1

[Event "1st EUR-ch"]
[Site "Saint Vincent ITA"]
[Date "2000.07.07"]
[Round "5"]
[White "Galkin, Alexander"]
[Black "Bunzmann, Dimitrij"]
[Result "1/2-1/2"]
[WhiteElo "2587"]
[BlackElo "2484"]
[EventDate "2000.07.03"]
[PlyCount "41"]

1.e4 e6 2.d4 d5 3.Nc3 Bb4 4.e5 c5 5.a3 Bxc3+ 6.bxc3 Ne7 7.Nf3 Qa5 8.Bd2 
Nbc6 9.Be2 Bd7 10.O-O c4 11.Ng5 h6 12.Nh3 Ng6 13.Bh5 O-O-O 14.a4 Rdf8 15.
Qe1 Nge7 16.Bc1 f6 17.exf6 Rxf6 18.f4 Be8 19.Bxe8 Rxe8 20.Ba3 Qc7 21.Qe2 
1/2-1/2

[Event "1st EUR-ch"]
[Site "Saint Vincent ITA"]
[Date "2000.07.07"]
[Round "5"]
[White "Gdanski, Jacek"]
[Black "Dittmar, Peter"]
[Result "1-0"]
[WhiteElo "2557"]
[BlackElo "2364"]
[EventDate "2000.07.03"]
[PlyCount "73"]

1.e4 e6 2.d4 d5 3.Nc3 Nf6 4.Bg5 Bb4 5.e5 h6 6.Bd2 Bxc3 7.bxc3 Ne4 8.Qg4 
Kf8 9.Bd3 Nxd2 10.Kxd2 Qg5+ 11.Qxg5 hxg5 12.g4 f6 13.h4 fxe5 14.dxe5 Nc6 
15.Nf3 gxh4 16.Rae1 h3 17.Rh2 Bd7 18.Reh1 Ke7 19.Rxh3 Rxh3 20.Rxh3 Rg8 21.
Ke3 Na5 22.Rh7 c5 23.Nh4 c4 24.Bg6 Nc6 25.f4 Kf8 26.Bh5 Be8 27.Bxe8 Kxe8 
28.Nf3 Kf7 29.f5 exf5 30.gxf5 Re8 31.Kf4 Kg8 32.Rh5 b5 33.Rg5 Kh7 34.Rg6 
Ne7 35.Rd6 Rf8 36.Nd4 Kg8 37.Kg5 1-0

[Event "1st EUR-ch"]
[Site "Saint Vincent ITA"]
[Date "2000.07.07"]
[Round "5"]
[White "Georgiev, Kiril"]
[Black "Alexandrov, Alexei"]
[Result "1/2-1/2"]
[WhiteElo "2661"]
[BlackElo "2591"]
[EventDate "2000.07.03"]
[PlyCount "63"]

1.Nf3 d5 2.d4 Nf6 3.c4 e6 4.Nc3 Bb4 5.Bg5 h6 6.Bxf6 Qxf6 7.Qa4+ Nc6 8.cxd5
exd5 9.e3 O-O 10.Be2 Be6 11.a3 Bd6 12.Nb5 Bg4 13.O-O Ne7 14.Nxd6 Qxd6 15.
Rfc1 c6 16.b4 a6 17.Qc2 f5 18.g3 Nc8 19.Ne5 Bxe2 20.Qxe2 Qe6 21.h4 Nd6 22.
a4 g6 23.Kg2 Kg7 24.Rab1 Rac8 25.Qf3 Rfe8 26.Rc2 Re7 27.Rbc1 Rd8 28.Rg1 
Kh7 29.Kh2 Rg7 30.Rcc1 Rf8 31.Kg2 Rc8 32.Rgd1 1/2-1/2

[Event "1st EUR-ch"]
[Site "Saint Vincent ITA"]
[Date "2000.07.07"]
[Round "5"]
[White "Gershon, Alik"]
[Black "Morovic, Ivan"]
[Result "1-0"]
[WhiteElo "2502"]
[BlackElo "2608"]
[EventDate "2000.07.03"]
[PlyCount "79"]

1.d4 d5 2.c4 c6 3.Nf3 Nf6 4.Nc3 e6 5.Bg5 dxc4 6.e4 b5 7.e5 h6 8.Bh4 g5 9.
Nxg5 hxg5 10.Bxg5 Nbd7 11.g3 Qa5 12.exf6 Ba6 13.a3 O-O-O 14.Bg2 Ne5 15.O-O
Nd3 16.b4 Qc7 17.Be3 Bb7 18.Qg4 a5 19.Be4 axb4 20.axb4 Bxb4 21.Nxb5 cxb5 
22.Ra7 Rhg8 23.Qf3 Rd5 24.Rb1 Qb6 25.Rxb7 Qxb7 26.Bxd3 cxd3 27.Rxb4 Qc6 
28.Rb1 Kb7 29.Qe4 Rh5 30.Qxd3 Qd5 31.Qa3 Ra8 32.Qe7+ Kb6 33.Rc1 Ra7 34.Qf8
Rh7 35.Qb8+ Rb7 36.Qa8 Rc7 37.Qb8+ Rb7 38.Qc8 Ra7 39.Rc6+ Ka5 40.Bd2+ 1-0

[Event "1st EUR-ch"]
[Site "Saint Vincent ITA"]
[Date "2000.07.07"]
[Round "5"]
[White "Godena, Michele"]
[Black "Vujovic, Milorad"]
[Result "1-0"]
[WhiteElo "2485"]
[BlackElo "2275"]
[EventDate "2000.07.03"]
[PlyCount "57"]

1.e4 e5 2.Nf3 Nc6 3.Bb5 a6 4.Ba4 Bc5 5.c3 b5 6.Bb3 Nf6 7.d4 exd4 8.e5 Ng4 
9.cxd4 Bb4+ 10.Nc3 d5 11.O-O Be6 12.Ng5 Nh6 13.Nxe6 fxe6 14.Bxh6 gxh6 15.
Qh5+ Kd7 16.Nxd5 exd5 17.Bxd5 Ne7 18.e6+ Kc8 19.Bxa8 c6 20.Rac1 Kc7 21.
Bxc6 Kb6 22.Bf3 Bd6 23.Qh4 Qb8 24.g3 Rg8 25.Qe4 Ka7 26.Rc2 h5 27.Rfc1 Bf4 
28.Qxh7 Bd6 29.Rc7+ 1-0

[Event "1st EUR-ch"]
[Site "Saint Vincent ITA"]
[Date "2000.07.07"]
[Round "5"]
[White "Jonkman, Harmen"]
[Black "Franco Ocampos, Zenon"]
[Result "1-0"]
[WhiteElo "2424"]
[BlackElo "2512"]
[EventDate "2000.07.03"]
[PlyCount "45"]

1.e4 c5 2.c3 d6 3.d4 Nf6 4.Bd3 cxd4 5.cxd4 e5 6.Nf3 exd4 7.Nxd4 Be7 8.O-O 
O-O 9.Nc3 Nc6 10.Nxc6 bxc6 11.Bf4 Be6 12.Qa4 Nd7 13.Rad1 Nc5 14.Qc2 Qb6 
15.Be2 Rad8 16.Rd2 Rd7 17.Rfd1 Rfd8 18.Be3 Qb8 19.f4 Nxe4 20.Nxe4 Bxa2 21.
Nc5 dxc5 22.Rxd7 Re8 23.Bc4 1-0

[Event "1st EUR-ch"]
[Site "Saint Vincent ITA"]
[Date "2000.07.07"]
[Round "5"]
[White "Kharlov, Andrei"]
[Black "Fressinet, Laurent"]
[Result "1-0"]
[WhiteElo "2627"]
[BlackElo "2536"]
[EventDate "2000.07.03"]
[PlyCount "131"]

1.d4 d5 2.c4 c6 3.Nf3 Nf6 4.Qb3 e6 5.Bg5 dxc4 6.Qxc4 b5 7.Qc2 Bb7 8.e4 
Nbd7 9.Bd3 h6 10.Bxf6 Nxf6 11.O-O Be7 12.Nbd2 Qb6 13.Nb3 Nd7 14.Rac1 g5 
15.e5 O-O-O 16.Qc3 Kb8 17.Na5 b4 18.Nxc6+ Bxc6 19.Qxc6 Qxc6 20.Rxc6 Nb6 
21.h3 h5 22.g4 Nd5 23.Rfc1 Nf4 24.Bf1 hxg4 25.hxg4 Rc8 26.Rxc8+ Rxc8 27.
Rxc8+ Kxc8 28.Bc4 Kc7 29.Kf1 f6 30.exf6 Bxf6 31.Ke1 Kd6 32.Kd2 Be7 33.Ke3 
Nd5+ 34.Bxd5 Kxd5 35.Kd3 Bf6 36.b3 a5 37.Ke3 Bd8 38.Kd3 Bf6 39.Ne5 Bg7 40.
f3 Bf6 41.Nc4 Bxd4 42.Nxa5 Bc5 43.Nc4 Be7 44.Nd2 Bc5 45.Ne4 Be7 46.Nf2 Ke5
47.Nh3 Bd8 48.Kc4 Be7 49.Kb5 Kd4 50.Kc6 Kc3 51.Kd7 Bc5 52.Kxe6 Be3 53.Kf5 
Kb2 54.Ke4 Bc1 55.Kd3 Kxa2 56.Kc4 Ka3 57.Nf2 Be3 58.Ne4 Bf4 59.Nf6 Bc1 60.
Nd5 Bd2 61.Nc7 Kb2 62.Nb5 Ka2 63.Nd4 Kb2 64.f4 Bxf4 65.Kxb4 Be5 66.Ne6 1-0

[Event "1st EUR-ch"]
[Site "Saint Vincent ITA"]
[Date "2000.07.07"]
[Round "5"]
[White "Lutz, Christopher"]
[Black "Krasenkow, Michal"]
[Result "1-0"]
[WhiteElo "2595"]
[BlackElo "2702"]
[EventDate "2000.07.03"]
[PlyCount "87"]

1.e4 c5 2.Nf3 Nc6 3.Nc3 e5 4.Bc4 Be7 5.d3 d6 6.Nd2 Nf6 7.Nf1 Bg4 8.f3 Be6 
9.Ne3 O-O 10.a3 a6 11.O-O b5 12.Ba2 Ne8 13.Ned5 Bg5 14.f4 exf4 15.Bxf4 
Bxf4 16.Rxf4 b4 17.axb4 cxb4 18.Ne2 Ne7 19.Ng3 Bxd5 20.Bxd5 Nxd5 21.exd5 
a5 22.Qf3 g6 23.Ne2 Qb6+ 24.Qf2 Qxf2+ 25.Kxf2 Nc7 26.c4 a4 27.Ke3 a3 28.
bxa3 bxa3 29.Rff1 Ra5 30.Rfb1 Rfa8 31.Rb3 Ne8 32.Nc3 Nf6 33.Nb5 Rb8 34.
Raxa3 Rxa3 35.Rxa3 Nxd5+ 36.Kd4 Ne7 37.Nxd6 Rb2 38.Kc5 Rxg2 39.d4 Rxh2 40.
d5 Rd2 41.Ne4 Rd1 42.d6 Nf5 43.Nf6+ Kf8 44.Nd5 1-0

[Event "1st EUR-ch"]
[Site "Saint Vincent ITA"]
[Date "2000.07.07"]
[Round "5"]
[White "Macieja, Bartlomiej"]
[Black "Azmaiparashvili, Zurab"]
[Result "0-1"]
[WhiteElo "2536"]
[BlackElo "2673"]
[EventDate "2000.07.03"]
[PlyCount "140"]

1.e4 d6 2.d4 Nf6 3.Nc3 g6 4.Bg5 c6 5.Qd2 b5 6.Bd3 Nbd7 7.f4 Bg7 8.Nf3 Qb6 
9.e5 b4 10.Na4 Qa5 11.b3 Nd5 12.O-O O-O 13.a3 f6 14.Bh4 Bh6 15.axb4 Qxb4 
16.Qxb4 Nxb4 17.e6 Nb8 18.Nb6 axb6 19.Rxa8 Bxe6 20.Re1 Kf7 21.Ng5+ fxg5 
22.fxg5 Nd7 23.Rf1+ Kg8 24.Ra4 Nxd3 25.gxh6 Nf4 26.Re1 Kf7 27.Rf1 Kg8 28.
Re1 Rf5 29.Bxe7 Rd5 30.Re4 Kf7 31.Bxd6 Nh3+ 32.gxh3 Rxd6 33.h4 Bf5 34.Rf4 
Kf6 35.c3 g5 36.hxg5+ Kxg5 37.Rf3 Bg6 38.Ra1 Kxh6 39.Re1 b5 40.Rh3+ Kg7 
41.Re2 Bf7 42.Rg2+ Kh8 43.Rb2 Nf6 44.Rg3 Bd5 45.Re3 Kg7 46.h3 Nh5 47.Kh2 
Rf6 48.Kg1 Kg6 49.Rf2 Bxb3 50.Rxf6+ Kxf6 51.Kf2 Bd5 52.Re5 Nf4 53.Kg3 Ne6 
54.Rh5 Kg6 55.Re5 Bc4 56.Re3 Nc7 57.Kg4 Be6+ 58.Kg3 Kf5 59.Re5+ Kf6 60.Re3
Nd5 61.Rf3+ Kg5 62.Kh2 h5 63.Rg3+ Kf4 64.Rg6 Kf5 65.Rh6 Nf6 66.Rh8 Bg8 67.
Kg3 Kg5 68.Kf3 Kg6 69.Kf4 Kg7 70.Rxg8+ Kxg8 0-1